000 00541nmm a2200169Ia 4500
008 251105s9999||||xx |||||||||||||||||und||
020 _a9788484899860
041 _aspa
100 _aDolors Poch Olivé (ed.).
245 0 _aEl español en contacto con las otras lenguas peninsulares
264 _a[Madrid, España] :
_bIberoamericana Vervuert,
_c2016
300 _a362 páginas
490 _aLingüística Iberoamericana
650 _aRomance language studies
856 _uhttps://public.digitaliapublishing.com/a/57462
942 _cCF
999 _c86913
_d86913